000 01112nam a2200289 i 4500
001 13043
003 KOSZ 005
005 20200407170603.0
008 070714s1970 pl a g 000 0bpol
015 _aPB 1970/3242
040 _aWA N
_cWA N
_dKOSZ 005/ID
041 1 _apol
_hrus
080 _a335.5:92+947
100 1 _aDrabkina, Elizaveta Âkovlevna
_d(1901-1974).
_eAutor
245 1 0 _aNa przełomie zimy /
_cElżbieta Drabkina ; [przeł. z ros. Irena Lewandowska i Witold Dąbrowski].
246 1 _iTyt. oryg.:
_aZimnij pereval.
260 _aWarszawa :
_b"Książka i Wiedza",
_c1970.
300 _a208, [4] s. :
_bil. ;
_c18 cm.
380 _aKsiążki.
600 1 4 _aLenin, Włodzimierz
_d(1870-1924)
651 4 _aZSRR
_xhistoria.
700 1 _aLewandowska, Irena
_d(1931- ).
_eTł.
710 2 _aSpółdzielnia Wydawniczo-Handlowa "Książka i Wiedza"
_4pbl.
700 1 _aDąbrowski, Witold
_d(1933-1978)
_eTłumaczenie
856 _uhttp://koha.tu.koszalin.pl/cgi-bin/koha/opac-detail.pl?biblionumber=13043
_yKatalog online BPK
942 _2UKD
_cKS
999 _c13043
_d13043